| 000 | 00793nam a2200277 a 4500 | ||
|---|---|---|---|
| 005 | 20140311161026.0 | ||
| 008 | 060717s19uu xx 00 eng d | ||
| 020 | _a9749823001 | ||
| 050 |
_aRT 48.6 _b.D64 2004 |
||
| 100 | _aDoenges, Marilyn E. | ||
| 245 |
_aNurse's pocket guide: _bdiagnoses, interventions, and rationales. |
||
| 250 | _a9th ed. | ||
| 260 |
_aPhiladelphia : _bF.A. Davis Company, _c2004. |
||
| 300 |
_a767 p. : _c20 cm. |
||
| 521 | _aNUR | ||
| 650 |
_aNursing diagnosis _xhandbooks. |
||
| 650 |
_aNursing care classification _xhandbooks. |
||
| 650 |
_aPatient care _xhandbooks. |
||
| 700 | _aMoorhouse, Mary Frances | ||
| 700 | _aGeissler-Murr, Alice C. | ||
| 942 |
_cBK _2lcc _kFOR |
||
| 999 |
_c21469 _d21469 |
||